000 00928nas a2200301 4500
001 BR2011003447
003 BR-BrBNA
005 20231205115029.0
007 ta
008 230509b bl.|||p| |||| 00| 00por d
040 _aBR-BrBNA
_bpor
_cBiblioteca Nacional de Agricultura
041 _a(Pt)
072 _aF06; E16
100 1 _aLima Júnior, J.A. de
100 1 _aPereira, G.M.
100 1 _aGeisenholf, L.O.
100 1 _aCosta, G.G.
100 1 _aReis, R.P.
100 1 _aOliveira, L.F.C. de
245 1 _aAvaliação econômica da produção de alface americana em função de lâminas de irrigação
650 _aALFACE
650 _aCULTIVO PROTEGIDO
650 _aIRRIGAÇÃO
650 _aANÁLISE ECONÔMICA
773 0 _tCiência e Agrotecnologia (Brazil)
_xISSN 1413-7054
_g(Mar-Apr 2011), v. 35(2) p. 392-398
_wBR2011003447
909 _a202311
_bLúcia
_c55
_dLúcia Elande
942 _2AGRIS
_n0
_cANA
999 _c211741
_d211741